Imatge i recerca : ponències i comunicacions : 5es Jornades Antoni Varés, del 17 al 20 de novembre de 1998 ponències i comunicacions :
Descripción Física:
366 p. : il. ; 30 cm
Colección:
Textos i documents ; 9
MARC
| LEADER | 00000nam a2200000Ia 4500 | ||
|---|---|---|---|
| 001 | 12147 | ||
| 008 | 160829s9999 xx 000 0 cat d | ||
| 080 | |a A-1-22 | ||
| 111 | 2 | |a Jornades Antoni Varés |n (5es : |d 1998 : |c Girona, Catalunya) |9 55735 | |
| 245 | |a Imatge i recerca : |b ponències i comunicacions : |b 5es Jornades Antoni Varés, del 17 al 20 de novembre de 1998 | ||
| 260 | |a Girona : |b Ajuntament de Girona. Centre de Recerca i Difusió de la Imatge, DL 1998 | ||
| 300 | |a 366 p. : |b il. ; |c 30 cm | ||
| 490 | |a Textos i documents ; 9 | ||
| 650 | 0 | |a Fototeques |x Congressos |9 32138 | |
| 650 | |a Arxius audiovisuals |x Congressos |9 32137 | ||
| 710 | 1 | |a Girona (Catalunya). |b Ajuntament |9 54942 | |
| 710 | 2 | |a Centre de Recerca i Difusió de la Imatge (Girona, Catalunya) |9 55013 | |
| 901 | |a Arxiu | ||
| 942 | |n 1 | ||
| 952 | |0 0 |1 0 |4 0 |6 A122 |7 1 |9 45883 |a Arxiu |b Arxiu |d 2016-12-01 |l 0 |o A-1-22 |p 12147 |r 2016-12-01 00:00:00 |w 2016-12-01 |y ARXIU | ||
| 999 | |c 49384 |d 49384 | ||